[Event "45th Olympiad Budapest 2024"]
[Site "Budapest"]
[Date "2024.09.19"]
[Round "8"]
[Board "3"]
[White "Mulenga, Prince Daniel"]
[Black "Agopov, Mikael"]
[Result "1/2-1/2"]
[WhiteElo "2184"]
[BlackElo "2451"]
[PlyCount "82"]
[EventDate "2024.09.11"]
[EventType "team-tourn"]
[EventRounds "11"]
[EventCountry "HUN"]
[WhiteTeam "Zambia"]
[BlackTeam "Finland"]
[WhiteTeamCountry "ZAM"]
[BlackTeamCountry "FIN"]

1. d4 Nf6 2. c4 e6 3. Nf3 d5 4. Nc3 Bb4 5. e3 O-O 6. Bd2 b6 7. cxd5 exd5 8. Rc1 a6 9. Qb3 ({RR} 9. Bd3 Bb7 10. O-O Bd6 11. Ne5 c5 12. f4 Nc6 13. Be1 cxd4 14. Nxc6 Bxc6 15. Ne2 Bd7 16. Nxd4 Re8 17. Qf3 Qe7 18. Bd2 Bc5 19. Rfe1 Bxd4 20. exd4 Ne4 21. Bxe4 dxe4 22. Qe3 Qe6 23. a3 Qd5 {½-½ Ding,L (2791)-Firouzja,A (2728) Carlsen Inv Prelim rapid 2020 (1.1)}) ({RR} 9. Bd3 Bb7 10. O-O Bd6 11. Ne5 c5 12. f4 Nc6 13. Ng4 cxd4 14. Nxf6+ Qxf6 15. Nxd5 Qd8 16. e4 Ne7 17. Nxe7+ Qxe7 18. e5 Bc5 19. Qh5 g6 20. Qh6 f6 21. b4 fxe5 22. fxe5 Qxe5 23. bxc5 bxc5 {0-1 Bluebaum,M (2661)-Batsuren,D (2525) Titled Tue 10th Jan Early 2023 (3)}) 9... Be7 $146 ({RR} 9... c5 10. Be2 Be6 11. O-O Nc6 12. Qc2 c4 13. Ne5 Ne7 14. Bf3 Rc8 15. Qa4 Bd6 16. Ne2 Bxe5 17. dxe5 Nd7 18. Bc3 Qc7 19. Qa3 Ng6 20. Rcd1 Ndxe5 21. Bxd5 Nd3 22. Be4 Nc5 23. Ng3 Ne5 24. Bd4 {½-½ Sundararajan,K (2427)-Cornette,M (2620) Reykjavik op 2018 (9)}) 10. g3 a5 11. Bg2 Ba6 12. Ne5 c6 13. Na4 b5 14. Nc5 Bxc5 15. Rxc5 b4 16. Rc1 Qd6 17. a3 Bb5 18. axb4 a4 19. Qa3 Nbd7 20. f4 Ne4 21. Bxe4 dxe4 22. Nxd7 Qxd7 23. h3 f5 24. Rc5 Qf7 25. Qa1 Rfd8 26. Kf2 Rd6 27. g4 Rd5 28. Rcc1 Rd6 29. Rc5 Rd5 30. Rcc1 Qe7 31. g5 Qf7 32. Rc3 Qe7 33. Ra3 Rd7 34. h4 Qf7 35. Qc1 Bc4 36. h5 Rd6 37. Qc2 Bb3 38. Qc3 Rb8 39. Raa1 Qe8 40. Rac1 Rb5 41. Ra1 Rbd5 1/2-1/2

[Event "45th Olympiad Budapest 2024"]
[Site "Budapest"]
[Date "2024.09.19"]
[Round "8"]
[Board "4"]
[White "Lahdelma, Henri"]
[Black "Hapaku, Charles"]
[Result "1-0"]
[WhiteElo "2331"]
[BlackElo "2102"]
[PlyCount "129"]
[EventDate "2024.09.11"]
[EventType "team-tourn"]
[EventRounds "11"]
[EventCountry "HUN"]
[WhiteTeam "Finland"]
[BlackTeam "Zambia"]
[WhiteTeamCountry "FIN"]
[BlackTeamCountry "ZAM"]

1. Nf3 Nf6 2. g3 b6 3. Bg2 Bb7 4. O-O e6 5. c4 Be7 6. Nc3 O-O 7. d4 d5 8. Nd2 Nc6 ({RR} 8... Nbd7 9. e4 dxe4 10. Ndxe4 Nxe4 11. Nxe4 Qc8 12. Re1 Nf6 13. Bg5 Nxe4 14. Bxe7 Re8 15. Bb4 a5 16. Bxe4 axb4 17. c5 Bxe4 18. Rxe4 Qb7 19. Re3 Red8 20. Rd3 h6 21. Qb3 bxc5 22. dxc5 Qe4 23. Rad1 {0-1 De Filomeno,S (2429)-Klabis,R (2366) EU-ch blitz Katowice 2017 (11)}) ({RR} 8... c5 9. dxc5 Bxc5 10. b3 Bb4 11. Bb2 Bc6 12. e3 Nbd7 13. cxd5 Nxd5 14. Nxd5 Bxd5 15. Bxd5 exd5 16. Qg4 Nf6 17. Qxb4 Re8 18. Rfd1 Ne4 19. Qd4 Qg5 20. Nf3 Qg4 21. h3 {1-0 Usui,G (1448)-Akamine,I Sampa Chess Open 2024 (1.54)}) 9. e3 Nb4 $146 ({RR} 9... Na5 10. b3 dxc4 11. Bxb7 Nxb7 12. Nxc4 c5 13. dxc5 Qxd1 14. Rxd1 Bxc5 15. Bb2 Rfd8 16. Kf1 Ne8 17. Ke2 f6 18. a3 Be7 19. Rxd8 {½-½ Stoltz,G-Barcza,G Zonal Marianske Lazne 1951 (1)}) ({RR} 9... Rb8 10. b3 Ba6 11. Re1 Na5 12. cxd5 Nxd5 13. Nxd5 exd5 14. Bb2 Nc6 15. a3 Bf6 16. Rc1 Bb7 17. Qc2 Rc8 18. b4 Qd7 19. Nb3 Ne7 20. Qd3 Rfe8 21. Rc2 Bc6 22. Bf1 Qd6 23. Rec1 Bd7 24. Qd2 {1-0 Fedotov,N (2017)-Faizrakhmanov,I (1721) Nezhmetdinov Memorial 36th 2014 (7)}) 10. a3 Nd3 11. Qc2 Nxc1 12. Raxc1 Rc8 13. cxd5 exd5 14. Nb5 a6 15. Na7 Ra8 16. Nc6 Bxc6 17. Qxc6 Ra7 18. Nf3 Bd6 19. Ne5 Qa8 20. Nd3 Qxc6 21. Rxc6 Rd8 22. Nb4 Bxb4 23. axb4 Kf8 24. Ra1 Ke7 25. b5 a5 26. Ra4 Rb7 27. f3 Ne8 28. Bf1 Rd6 29. Rc1 Re6 30. Kf2 Nd6 31. Ra3 f5 32. Rac3 Kd8 33. h4 Ra7 34. Ra1 Rb7 35. Bd3 Kd7 36. Rac1 Ra7 37. b3 Rf6 38. R3c2 h6 39. Ke2 Re6 40. h5 Kd8 41. Rc6 Rf6 42. Rg1 Ke7 43. g4 fxg4 44. Rxg4 Ne8 45. Rc2 Kf8 46. e4 a4 47. Ra2 a3 48. e5 Rf7 49. f4 Re7 50. Kd2 c6 51. Rg6 cxb5 52. Rxb6 Nc7 53. Bxb5 Nxb5 54. Rxb5 Rf7 55. Ke3 Rf5 56. Rxd5 Rxh5 57. b4 Rh3+ 58. Ke4 Rb7 59. Ra5 Rxb4 60. R5xa3 Rh4 61. Ra8+ Kf7 62. R2a7+ Kg6 63. Rg8 Rb1 64. Rgxg7+ Kh5 65. Raf7 1-0

[Event "45th Olympiad Budapest 2024"]
[Site "Budapest"]
[Date "2024.09.19"]
[Round "8"]
[Board "1"]
[White "Maksimovic, Bojan"]
[Black "Bagheri, Amir"]
[Result "1/2-1/2"]
[WhiteElo "2503"]
[BlackElo "2372"]
[PlyCount "105"]
[EventDate "2024.09.11"]
[EventType "team-tourn"]
[EventRounds "11"]
[EventCountry "HUN"]
[WhiteTeam "Bosnia & Herzegovina"]
[BlackTeam "Monaco"]
[WhiteTeamCountry "BIH"]
[BlackTeamCountry "MNC"]

1. d4 Nf6 2. Bg5 Ne4 3. h4 d5 4. Nd2 Bf5 5. e3 h6 6. Bf4 e6 7. Bd3 Nxd2 8. Qxd2 Bxd3 9. Qxd3 ({RR} 9. cxd3 Nd7 10. Rc1 c6 11. Nf3 Be7 12. h5 Qb6 13. a3 a5 14. Kf1 a4 15. Ne5 Nxe5 16. Bxe5 O-O 17. Rh3 f6 18. Bf4 Kh8 19. Rg3 Rf7 20. Rg6 Raf8 21. Kg1 Qd8 22. Qc2 Qa5 23. Rf1 Qb5 {1-0 Maksimovic,B (2499)-Apoorv Kamble (2290) Abu Dhabi Masters Online 2024 (4)}) 9... c5 10. Nf3 Nc6 11. O-O $146 ({RR} 11. c3 a6 12. h5 Bd6 13. Rd1 Bxf4 14. exf4 cxd4 15. Nxd4 Qf6 16. Nxc6 bxc6 17. Qd4 Qxd4 18. cxd4 Ke7 19. Rh3 Rhb8 20. Rd2 Rb6 21. Rc3 Kf6 22. Ke2 a5 23. Rdc2 Rab8 24. b3 a4 25. bxa4 Ra8 {0-1 Bigg,A (2287)-Adams,D (2172) BCF-ch Edinburgh 2003 (4)}) 11... cxd4 12. exd4 Bd6 13. Bxd6 Qxd6 14. c3 O-O 15. Rae1 Rab8 16. a3 b5 17. Ne5 Nxe5 18. Rxe5 a5 19. f4 b4 20. axb4 axb4 21. f5 bxc3 22. bxc3 Rfe8 23. Qe3 Rb2 24. h5 Ra8 25. fxe6 f6 26. Ref5 Raa2 27. R5f2 Rxf2 28. Rxf2 Ra1+ 29. Rf1 Rxf1+ 30. Kxf1 Kf8 31. e7+ Ke8 32. Ke2 Qh2 33. Qf3 Qd6 34. Qe3 Qh2 35. Qf3 Qd6 36. Kd2 Kxe7 37. Qf5 Qc6 38. Qg4 Kf8 39. Qg3 Qb6 40. Kc2 Kf7 41. Qd3 Qa5 42. Kb3 Qb6+ 43. Ka4 g5 44. hxg6+ Kg7 45. Ka3 h5 46. c4 dxc4 47. Qxc4 Kxg6 48. Qd5 h4 49. Qe4+ f5 50. Qxh4 Qa5+ 51. Kb3 Qd5+ 52. Kc3 Qxg2 53. Qf4 1/2-1/2

[Event "45th Olympiad Budapest 2024"]
[Site "Budapest"]
[Date "2024.09.19"]
[Round "8"]
[Board "2"]
[White "Efimov, Igor"]
[Black "Burovic, Rijad"]
[Result "1/2-1/2"]
[WhiteElo "2338"]
[BlackElo "2426"]
[PlyCount "162"]
[EventDate "2024.09.11"]
[EventType "team-tourn"]
[EventRounds "11"]
[EventCountry "HUN"]
[WhiteTeam "Monaco"]
[BlackTeam "Bosnia & Herzegovina"]
[WhiteTeamCountry "MNC"]
[BlackTeamCountry "BIH"]

1. d4 Nf6 2. Nf3 g6 3. c4 Bg7 4. Nc3 O-O 5. Bg5 h6 6. Bh4 c5 7. e3 cxd4 8. Nxd4 Nc6 9. Be2 Nxd4 10. Qxd4 d6 11. Qd2 Be6 12. Rc1 Rc8 13. b3 $146 ({RR} 13. Bxf6 Bxf6 14. b3 Qa5 15. Nd5 Qxd2+ 16. Kxd2 Bxd5 {½-½ Moldovan,D (2450)-Carmaciu,L (2430) ROM-chT div-A 2006 (1)}) 13... g5 14. Bg3 d5 15. cxd5 Nxd5 16. Nxd5 Rxc1+ 17. Qxc1 Qxd5 18. O-O Rc8 19. Qa3 Qc5 20. Qa4 Rd8 21. h4 Rd2 22. Qe8+ Bf8 23. Bf3 b6 24. Qb8 Rxa2 25. hxg5 hxg5 26. Rd1 Qc8 27. Qe5 Ra5 28. Bd5 Rxd5 29. Rxd5 f6 30. Qd4 Bxd5 31. Qxd5+ Kg7 32. f4 gxf4 33. Bxf4 e5 34. Bg3 Bc5 35. Kf2 Qf5+ 36. Ke2 Qg4+ 37. Qf3 Qxf3+ 38. gxf3 Kf7 39. Kd3 b5 40. e4 Bd6 41. Be1 Ke6 42. b4 Kd7 43. Kc2 Bf8 44. Kb3 Be7 45. Bf2 a6 46. Be1 Ke6 47. Kc2 Kf7 48. Kd3 Kg6 49. Bd2 Kh5 50. Ke2 Kh4 51. Kf2 Kh3 52. Ke2 Bf8 53. Kf2 Be7 54. Ke2 Bd8 55. Be1 Bb6 56. Bd2 Kh4 57. Be1+ Kh5 58. Kd3 Bd8 59. Bd2 Be7 60. Be1 Kg6 61. Bd2 Bf8 62. Be1 Bh6 63. Bf2 Bg5 64. Be1 Kh5 65. Ke2 Bc1 66. Kd1 Bf4 67. Ke2 Kg5 68. Kd3 Bc1 69. Kc2 Be3 70. Kd3 Kf4 71. Ke2 Bc1 72. Kd1 Kxf3 73. Kxc1 Kxe4 74. Kd2 Kd4 75. Ke2 f5 76. Kf3 Kd3 77. Bg3 Kc4 78. Be1 Kd3 79. Bg3 Kd4 80. Bf2+ Kc4 81. Be1 Kd3 1/2-1/2

[Event "45th Olympiad Budapest 2024"]
[Site "Budapest"]
[Date "2024.09.19"]
[Round "8"]
[Board "3"]
[White "Culum, Sanjin"]
[Black "Meylan, Andre"]
[Result "1-0"]
[WhiteElo "2409"]
[BlackElo "2165"]
[PlyCount "175"]
[EventDate "2024.09.11"]
[EventType "team-tourn"]
[EventRounds "11"]
[EventCountry "HUN"]
[WhiteTeam "Bosnia & Herzegovina"]
[BlackTeam "Monaco"]
[WhiteTeamCountry "BIH"]
[BlackTeamCountry "MNC"]

1. e4 e6 2. d4 d5 3. Nc3 Nf6 4. Bg5 Be7 5. e5 Nfd7 6. h4 a6 7. Qg4 Bxg5 8. hxg5 c5 9. dxc5 Nxe5 10. Qg3 Nbc6 11. O-O-O f5 ({RR} 11... Qa5 12. f4 Nd7 13. g6 Nf6 14. gxf7+ Kxf7 15. Nf3 Qxc5 16. Ne5+ Kg8 17. Bd3 Ne7 18. Rh6 Kf8 19. Qg5 Nfg8 20. Rxh7 Rxh7 21. Bxh7 Nf6 22. Bd3 b5 23. Rh1 Ra7 24. Rh8+ Neg8 25. Bh7 Qe3+ 26. Kd1 {1-0 Vovk,Y (2561)-Naumkin,I (2475) Cappelle op 24th 2008 (2)}) ({RR} 11... Ng6 12. Ne4 Qa5 13. Nd6+ Ke7 14. Bd3 Qxc5 15. Nxf7 Rf8 16. Rxh7 Kxf7 17. Nf3 Nge7 18. g6+ Ke8 19. Rxg7 Bd7 20. Rh1 Nb4 21. Ne5 Rc8 22. Rhh7 Bb5 23. Bxb5+ axb5 24. Rxe7+ Qxe7 25. Rxe7+ Kxe7 26. Qa3 {0-1 Evenshaug,A (2022)-Harutyunyan,H (1948) 36th Kiel Open 2024 (9.4)}) ({RR} 11... Qa5 12. f4 Ng6 13. Nf3 Qc7 14. Qf2 Qxf4+ 15. Kb1 Nge5 16. Rh4 Qf5 17. Qg3 f6 18. gxf6 Qxf6 19. Rf4 Qe7 20. Re1 Nxf3 21. Qxf3 Qxc5 22. Nxd5 Qd6 23. Rf7 Bd7 24. Nc7+ Kd8 25. Nxa8 Ne5 26. Rd1 {1-0 Kriste,V (2201)-Meylan,A (2205) SUI-chT Switzerland 2021 (8.5)}) 12. f4 Nd7 $146 ({RR} 12... Ng6 13. Be2 Qc7 14. Bh5 Nce7 15. Qe3 O-O 16. Nge2 Bd7 17. Bxg6 Nxg6 18. Qh3 Kf7 19. Kb1 b6 20. cxb6 Qxb6 21. g4 Rfb8 22. b3 fxg4 23. Qxg4 Nf8 24. Rxh7 Kg8 25. Rh2 a5 26. Rdh1 Kf7 27. g6+ {1-0 Udeshi,A (2362)-Marcos,M (2134) Dubai op 13th 2011 (4)}) 13. Be2 Qa5 14. Qe3 d4 15. Qxe6+ Kd8 16. Nb1 Qxc5 17. Nf3 Re8 18. Qc4 Qd6 19. Ne5 Ndxe5 20. fxe5 Qxe5 21. Bf3 Be6 22. Qa4 Bd5 23. Nd2 Kc7 24. Bxd5 Qxd5 25. Rxh7 Re7 26. Nf3 Rd8 27. Qb3 Qxb3 28. axb3 Rdd7 29. Nh4 Re2 30. Rd2 Re1+ 31. Rd1 Re2 32. Nxf5 Rxg2 33. Rxg7 Rxg7 34. Nxg7 Kd7 35. Nf5 Rxg5 36. Nxd4 Nxd4 37. Rxd4+ Kc6 38. Rc4+ Kb6 39. Rb4+ Kc6 40. Rc4+ Kb6 41. Kb1 Rg2 42. Ka2 Rh2 43. Ka3 Rg2 44. b4 Rg3+ 45. c3 Rg2 46. Rh4 Rg6 47. Rh7 Rf6 48. Ka4 Rg6 49. b3 Rg5 50. c4 Rf5 51. Rh8 Kc7 52. Rh6 Rg5 53. Rh4 Rf5 54. Rd4 Kc6 55. Ka3 Rh5 56. Kb2 Rg5 57. Kc3 Rh5 58. Rd3 Rh4 59. Rd5 Rh3+ 60. Kb2 Rh8 61. Rg5 Rh6 62. Ka3 Rf6 63. Ka4 Rh6 64. Ka5 Rf6 65. b5+ axb5 66. Rxb5 Rf3 67. Rb6+ Kc7 68. b4 Rf5+ 69. c5 Rh5 70. Rg6 Rf5 71. Rg7+ Kc8 72. b5 Rxc5 73. Kb6 Rh5 74. Rg8+ Kd7 75. Rb8 Rg5 76. Rxb7+ Kc8 77. Rh7 Rf5 78. Rh8+ Kd7 79. Ka6 Rf1 80. Kb7 Rf7 81. b6 Rf1 82. Rh2 Rd1 83. Rc2 Rd3 84. Ka7 Ra3+ 85. Kb8 Rd3 86. b7 Rd1 87. Ra2 Kc6 88. Ka8 1-0

[Event "45th Olympiad Budapest 2024"]
[Site "Budapest"]
[Date "2024.09.19"]
[Round "8"]
[Board "4"]
[White "Van Hoolandt, Patrick"]
[Black "Marjanovic, Dejan"]
[Result "0-1"]
[WhiteElo "2036"]
[BlackElo "2365"]
[PlyCount "72"]
[EventDate "2024.09.11"]
[EventType "team-tourn"]
[EventRounds "11"]
[EventCountry "HUN"]
[WhiteTeam "Monaco"]
[BlackTeam "Bosnia & Herzegovina"]
[WhiteTeamCountry "MNC"]
[BlackTeamCountry "BIH"]

1. d4 e6 2. c4 f5 3. Nf3 Nf6 4. g3 Be7 5. Bg2 d5 6. O-O Ne4 7. Nbd2 ({RR} 7. Nc3 c6 8. Qc2 Nd7 9. Rb1 a5 10. a3 O-O 11. Bf4 g5 12. Bd2 Bf6 13. e3 Rf7 14. Rfc1 h5 15. cxd5 exd5 16. b4 Nb6 17. Bf1 axb4 18. axb4 h4 19. b5 hxg3 20. hxg3 Rh7 21. bxc6 Nxd2 {½-½ Caruana,F (2792)-Rapport,R (2763) Gashimov Memorial Blitz 7th 2021 (3)}) ({RR} 7. b3 Nc6 8. Bb2 h5 9. Nc3 h4 10. Nxe4 dxe4 11. Ne5 Nxe5 12. dxe5 Bd7 13. Qd2 Bc6 14. Rfd1 Qxd2 15. Rxd2 g5 16. e3 Kf7 17. Bc3 a5 18. a3 b6 19. Rad1 hxg3 20. fxg3 Rhd8 21. a4 Kg6 {0-1 Milekic,D (2330)-Marjanovic,D (2392) Vojvodina-chT 2nd League 2020 (2.1)}) 7... Nc6 8. Qc2 ({RR} 8. a3 h5 9. b4 Bf6 10. Bb2 h4 11. b5 Ne7 12. Ne5 hxg3 13. hxg3 Bxe5 14. dxe5 Ng6 15. cxd5 exd5 16. Nf3 Be6 17. Rc1 f4 18. Nd4 fxg3 19. Nxe6 Qh4 20. Nxg7+ Kf8 21. fxg3+ Kxg7 22. gxh4 {1-0 Bazilius,A (2030)-Glashausser,S (1973) Titled Tue 16th Jan Late 2024 (4)}) 8... h5 $146 ({RR} 8... Bf6 9. e3 h5 10. b4 Nxb4 11. Qa4+ Nc6 12. Nxe4 fxe4 13. Ne5 Bd7 14. Nxd7 Qxd7 15. Ba3 Ne5 16. Qb3 Nxc4 17. Qxb7 Kf7 18. Bc5 h4 19. Rfc1 hxg3 20. hxg3 a5 21. Qb3 Rab8 22. Qc3 Rb5 23. Qe1 {0-1 Borisova,E (2344)-Fataliyeva,U (2387) Wch Rapid (Women) 2019 (11)}) 9. e3 h4 10. Ne5 hxg3 11. fxg3 Nxe5 12. dxe5 O-O 13. Nxe4 dxe4 14. Bd2 a5 15. Bc3 Bd7 16. Rad1 Qe8 17. b3 Bc6 18. Qe2 Qg6 19. Rf2 Qh6 20. a4 Be8 21. g4 Bg5 22. Bd4 Rd8 23. Kh1 Bxe3 24. Bxe3 Rxd1+ 25. Qxd1 Qxe3 26. Re2 Qf4 27. Qd4 Qxg4 28. Re1 Bc6 29. Rg1 Qh4 30. Rd1 Qh5 31. Re1 Qh4 32. Rd1 Kf7 33. h3 Qg3 34. Rf1 Rh8 35. Qf2 Qxf2 36. Rxf2 e3 0-1

[Event "45th Olympiad Budapest 2024"]
[Site "Budapest"]
[Date "2024.09.19"]
[Round "8"]
[Board "1"]
[White "Khusenkhojaev, Mustafokhuja"]
[Black "Bachmann, Axel"]
[Result "1/2-1/2"]
[WhiteElo "2283"]
[BlackElo "2560"]
[PlyCount "101"]
[EventDate "2024.09.11"]
[EventType "team-tourn"]
[EventRounds "11"]
[EventCountry "HUN"]
[WhiteTeam "Tajikistan"]
[BlackTeam "Paraguay"]
[WhiteTeamCountry "TJK"]
[BlackTeamCountry "PAR"]

1. d4 Nf6 2. c4 e6 3. g3 c5 4. d5 exd5 5. cxd5 d6 6. Nc3 g6 7. Bg2 Bg7 8. Nf3 O-O 9. O-O Re8 10. Bf4 h6 11. Re1 g5 12. Bd2 Bf5 13. h4 g4 14. Nh2 Nbd7 15. e4 ({RR} 15. Nf1 Bg6 16. Qc1 Kh7 17. Bf4 Ne5 18. Ne3 Qd7 19. a4 Nh5 20. Bxe5 Bxe5 21. Nc4 Qe7 22. Nxe5 Qxe5 23. Nb5 Re7 24. Ra3 a6 25. Re3 Qf6 26. Rxe7 Qxe7 27. Na3 Re8 28. Nc4 f5 29. a5 f4 {1-0 Volkov,M (2306)-Brodsky,D (2519) Titled Tue 27th Aug Early 2024 (5)}) 15... Bg6 16. Nxg4 Nxg4 17. Qxg4 Ne5 $146 ({RR} 17... h5 18. Qd1 Ne5 19. f3 Nd3 20. Re2 Nxb2 21. Qb3 Nd3 22. Rd1 c4 23. Qxb7 Rb8 24. Qa6 Rb2 25. Qxc4 Rxd2 26. Rdxd2 Qb6+ 27. Kh2 Ne5 28. Qb3 Qc5 29. Na4 Qc7 30. Rc2 Qe7 31. Qb5 f5 32. Nc3 {0-1 Wagner,D (2334)-Soumya,S (2351) Speed Chess (Women) Q3 blitz 2021 (14)}) 18. Qe2 c4 19. h5 Bh7 20. Red1 f5 21. Bf4 Nd3 22. Rxd3 cxd3 23. Qxd3 Qb6 24. Qd2 fxe4 25. Be3 Qd8 26. Bxh6 Re5 27. Bf4 Rxh5 28. Nxe4 Be5 29. Bxe5 Rxe5 30. Qh6 Bxe4 31. Bxe4 Qd7 32. Bg2 Rae8 33. Bh3 Qh7 34. Be6+ Kh8 35. Qf6+ Qg7 36. Qh4+ Qh7 37. Qf4 Qg7 38. Rc1 Rf8 39. Qh4+ Qh7 40. Qxh7+ Kxh7 41. Rc2 Re1+ 42. Kg2 Kg6 43. f4 Rh8 44. Kf3 Rh7 45. Rc8 Rf1+ 46. Kg4 Kf6 47. Rf8+ Ke7 48. Rg8 Kf6 49. Rf8+ Ke7 50. Rg8 Kf6 51. Rf8+ 1/2-1/2

[Event "45th Olympiad Budapest 2024"]
[Site "Budapest"]
[Date "2024.09.19"]
[Round "8"]
[Board "2"]
[White "Delgado Ramirez, Neuris"]
[Black "Karimov, Alisher"]
[Result "1/2-1/2"]
[WhiteElo "2484"]
[BlackElo "2240"]
[PlyCount "94"]
[EventDate "2024.09.11"]
[EventType "team-tourn"]
[EventRounds "11"]
[EventCountry "HUN"]
[WhiteTeam "Paraguay"]
[BlackTeam "Tajikistan"]
[WhiteTeamCountry "PAR"]
[BlackTeamCountry "TJK"]

1. e4 c5 2. Nf3 e6 3. d4 cxd4 4. Nxd4 Nc6 5. Nc3 Qc7 6. Ncb5 Qb8 7. Bd3 Nf6 8. O-O Be7 ({RR} 8... a6 9. Nxc6 dxc6 10. Nd4 Bd6 11. Nf3 e5 12. Bg5 Be6 13. Bxf6 gxf6 14. Nh4 Qc7 15. Qf3 Be7 16. Nf5 O-O-O 17. Rfd1 h5 18. h4 Bc5 19. b3 Kb8 20. Bc4 Rdg8 21. Kf1 Rg4 22. g3 Rd8 23. a4 {½-½ Erigaisi,A (2728)-Carlsen,M (2856) Aimchess Rapid KO 2022 (1.11)}) 9. Re1 O-O 10. Bg5 d6 $146 ({RR} 10... h6 11. Bh4 d6 12. Bg3 Ne5 13. c4 Bd7 14. Bf1 a6 15. Na3 Rd8 16. Rc1 Qc7 17. Nb1 Rac8 18. b3 Qb6 19. h3 Nc6 20. Nf3 Be8 21. Nc3 Qa5 22. Qd2 Nd7 23. Rb1 Nde5 24. Nd4 Bg5 25. f4 {0-1 Fromm,M (2467)-Pichot,A (2635) Titled Tue 14th May Early 2024 (4)}) 11. c4 Bd7 12. b3 Ne5 13. Nc3 Qd8 14. Rc1 h6 15. Bh4 a6 16. Bb1 Qa5 17. a4 Rfc8 18. Bg3 Bf8 19. Kh1 Ng6 20. h3 Qc5 21. Qd2 Be7 22. Bh2 Bd8 23. f4 Ba5 24. Nf3 Nf8 25. Bg1 Qa3 26. e5 dxe5 27. fxe5 Ne8 28. Nd4 b5 29. Rf1 bxc4 30. Qf4 Qe7 31. bxc4 Ng6 32. Bxg6 fxg6 33. Qe4 Kh7 34. c5 Nc7 35. c6 Be8 36. Nce2 Nd5 37. Nf4 Nxf4 38. Qxf4 Bb6 39. Qe4 Rab8 40. Rc2 Qb4 41. Rfc1 Bxd4 42. Qxd4 Qxd4 43. Bxd4 Rc7 44. a5 Rbc8 45. Bb6 Rxc6 46. Rxc6 Rxc6 47. Rxc6 Bxc6 1/2-1/2

[Event "45th Olympiad Budapest 2024"]
[Site "Budapest"]
[Date "2024.09.19"]
[Round "8"]
[Board "3"]
[White "Ilkhomi, Jaloliddin"]
[Black "Almiron, Antonio"]
[Result "0-1"]
[WhiteElo "2227"]
[BlackElo "2312"]
[PlyCount "128"]
[EventDate "2024.09.11"]
[EventType "team-tourn"]
[EventRounds "11"]
[EventCountry "HUN"]
[WhiteTeam "Tajikistan"]
[BlackTeam "Paraguay"]
[WhiteTeamCountry "TJK"]
[BlackTeamCountry "PAR"]

1. Nf3 Nf6 2. c4 e6 3. g3 d5 4. Bg2 d4 5. O-O c5 6. d3 Nc6 7. e3 h6 8. exd4 cxd4 9. Na3 Bd6 10. Nc2 e5 11. b4 O-O 12. Re1 Re8 $146 ({RR} 12... Nxb4 13. Nxb4 Bxb4 14. Rxe5 Re8 15. Rxe8+ Qxe8 16. Rb1 Bc3 17. Bb2 Bxb2 18. Rxb2 Qd8 19. Qe1 Bf5 20. Rxb7 Bxd3 21. Ne5 Bg6 22. Nxg6 fxg6 23. Qe6+ Kh7 24. Qf7 Qf8 25. Qxg7+ Qxg7 26. Rxg7+ Kxg7 27. Bxa8 {1-0 Janzelj,L (2210)-Tarini,G (2164) Speed Chess (Women) Q5 blitz 2020 (6)}) ({RR} 12... Nxb4 13. Nxe5 Nxc2 14. Qxc2 Re8 15. Nf3 Rxe1+ 16. Nxe1 Rb8 17. Nf3 Bg4 18. Bb2 Bc5 19. h3 Be6 20. Re1 Qb6 {½-½ Schell,F (2029)-Malchereck,Z (1891) HSK Easter Open 2024 (6.11)}) 13. Ba3 Bc7 14. b5 Nb8 15. Nd2 Nbd7 16. c5 Rb8 17. Nc4 Nf8 18. Rb1 Nd5 19. Qd2 Nc3 20. b6 axb6 21. cxb6 Nxb1 22. bxc7 Nxd2 23. cxb8=Q Nxc4 24. dxc4 d3 25. Rd1 Nd7 26. Qd6 dxc2 27. Rc1 Qa5 28. Qb4 Qa7 29. Rxc2 Nf6 30. Bc1 e4 31. Be3 Qa6 32. h3 Bd7 33. Rd2 Bc6 34. Qc3 Nd7 35. Bd4 f6 36. Kh2 Ne5 37. Bxe5 Rxe5 38. Re2 Qb6 39. Qe3 Qxe3 40. Rxe3 Kf7 41. Rc3 Ra5 42. a3 f5 43. Kg1 Ke6 44. Kf1 Rc5 45. Ke1 Ke5 46. Bf1 g5 47. Kd2 Kd4 48. Rb3 f4 49. Be2 Rf5 50. Bg4 Rf6 51. Bc8 fxg3 52. fxg3 Rf2+ 53. Ke1 Rf3 54. Rxf3 exf3 55. Kf2 Kxc4 56. Be6+ Kc3 57. Ke3 Kb2 58. a4 Ka3 59. a5 Kb4 60. Bg4 Kxa5 61. Bxf3 Bxf3 62. Kxf3 b5 63. Kg4 b4 64. Kh5 b3 0-1

[Event "45th Olympiad Budapest 2024"]
[Site "Budapest"]
[Date "2024.09.19"]
[Round "8"]
[Board "4"]
[White "Latorre, Matias"]
[Black "Kabilov, Amin"]
[Result "1/2-1/2"]
[WhiteElo "2264"]
[BlackElo "2212"]
[PlyCount "101"]
[EventDate "2024.09.11"]
[EventType "team-tourn"]
[EventRounds "11"]
[EventCountry "HUN"]
[WhiteTeam "Paraguay"]
[BlackTeam "Tajikistan"]
[WhiteTeamCountry "PAR"]
[BlackTeamCountry "TJK"]

1. d4 Nf6 2. c4 g6 3. Nc3 Bg7 4. e4 d6 5. Be2 O-O 6. Be3 Nc6 7. d5 Nb8 ({RR} 7... Ne5 8. f4 Neg4 9. Bd2 Nh6 10. Nf3 c6 11. O-O cxd5 12. cxd5 b5 13. Bd3 b4 14. Na4 Bd7 15. Kh1 Nh5 16. Rc1 Qa5 17. b3 Rac8 18. a3 Bc3 19. Nxc3 bxc3 20. Rxc3 Rxc3 21. Qa1 Rfc8 22. Bc4 {1-0 Sokolov,I (2623)-Van Foreest,J (2615) Hoogeveen m2 2016 (5)}) 8. h4 h5 $146 ({RR} 8... c6 9. h5 cxd5 10. cxd5 gxh5 11. Bxh5 Qa5 12. Qd2 Bg4 13. Bxg4 Nxg4 14. Bd4 e5 15. dxe6 Bxd4 16. Qxd4 Nc6 17. Qxd6 Nge5 18. e7 Rfc8 19. Qh6 Nxe7 20. Qxh7+ Kf8 21. Qh6+ Ke8 22. Qh8+ Kd7 23. O-O-O+ {1-0 Zia,T (2303)-Ahmed,F (1987) WALTON Rating 2023 (5.3)}) ({RR} 8... c6 9. h5 Qa5 10. Qd2 cxd5 11. cxd5 Nbd7 12. a3 Ne5 13. Bd4 Qc7 14. h6 Bh8 15. Nf3 Nc4 16. Qc2 Ne5 17. Nxe5 dxe5 18. Be3 Bd7 19. O-O b5 20. Rac1 Rac8 21. Qb3 Qb8 22. f3 a6 23. Qb4 {½-½ Antolak,J (2276)-Hrescak,I (2127) 23rd ch-EUR Indiv w 2023 (8.36)}) 9. Qd2 c6 10. Nf3 Na6 11. Ng5 Nc7 12. f3 e6 13. dxe6 Bxe6 14. Nxe6 Nxe6 15. Rd1 Qa5 16. O-O Rfd8 17. f4 Rd7 18. f5 Nc5 19. Bg5 Qb6 20. Kh1 Nfxe4 21. Nxe4 Nxe4 22. Qf4 gxf5 23. Rd3 f6 24. Qxf5 fxg5 25. Qxe4 Be5 26. Qg6+ Rg7 27. Qe6+ Kh8 28. Rdf3 Qd8 29. Qh6+ Kg8 30. Qe6+ Kh8 31. Rf7 g4 32. Qh6+ Kg8 33. Qxh5 Qe8 34. Rxg7+ Kxg7 35. Qxg4+ Qg6 36. Qd7+ Kg8 37. Bg4 Qh6 38. Qe6+ Qxe6 39. Bxe6+ Kh8 40. g4 Re8 41. Bd7 Re7 42. Bc8 Bxb2 43. Rb1 Re2 44. Bxb7 Be5 45. Bxc6 Rh2+ 46. Kg1 Rxh4 47. Bf3 Rh3 48. Kf2 Kg7 49. Rh1 Bd4+ 50. Kg2 Rxh1 51. Kxh1 1/2-1/2